000 01468nam0a2200313 4500
001 RU\NLR\BIBL_A\022542745
005 20260417191114.0
010 _a978-5-6046928-4-4
_9500
021 _aRU
_bКН-П-24-064978
_9КН-П-24-6477
035 _a(NLR Aleph) 022542745
090 _a13410164
_c13410164
100 _a20250516d2023 c y0rusy50 ca
101 0 _akhk
_atyv
_ckhk
102 _aRU
105 _aa z 000 y
181 0 _ai
_baxxe
182 0 _an
200 1 _aЧерниң чаяан өзүмнери. Чир-чайааным ӧзiмнер
_eхакас болгаш тыва дылда шүлүктер
_fИлья Топоев
_gперевод на тувинский язык с хакасского Ондар Светланы Алексеевны
203 _aТекст
_bвизуальный
_cнепосредственный
210 _aКызыл
_c[б. и.]
_d2023
215 _a58 с.
_cцв. ил.
_d14х16
541 1 _aЧерниң чаяан өзүмнери. Чир-чайааным ӧзiмнер
_eстихи на хакасском и тувинском языках
686 1 _aШ9(2)6=Х70-5
700 1 _4070
_7ca
_8rus
_aТопоев
_bИ. П.
_f1954-
_gИлья Прокопьевич
_9262637
_3RU\NLR\AUTH\770262693
702 1 _4730
_7ca
_8rus
_aОндар
_bС. А.
_f1984-
_gСветлана Алексеевна
_92705659
_3RU\NLR\AUTH\770292506
852 _aNLR
_bОНЛ
_jХакас./1-108
942 _cBOOK
980 _aNB